000 00353nam a2200133Ia 4500
005 20260328104300.0
008 260328s9999||||xx |||||||||||||| ||und||
100 _aBroto, Carles
245 0 _aArquitectura Actual :
_b Interiores Domésticos /
_cCarles Broto
260 _bLinks
300 _a239 p.
650 _aARQUITECTURA - DOMÉSTICA
942 _cBK
999 _c10588
_d10588